Introduction to Operations Research /

Salvato in:
Dettagli Bibliografici
Autori principali: Ecker, Joseph G (Autore), Kupferschmid, Michael (Autore)
Natura: Libro
Pubblicazione: New York : John Wiley & Sons, 1988
Tags: Aggiungi Tag
Nessun Tag, puoi essere il primo ad aggiungerne!!

MARC

LEADER 00000nam a22000003a 4500
001 stu14756
005 20190206124525.7
008 ------s1988----xxu---------------------d
040 |a STU  |b slo 
041 0
044 |a xxu 
080 |a 681.3.06 
100 1 |a Ecker, Joseph G  |4 aut 
245 1 |a Introduction to Operations Research /  |c [aut.]Ecker,Joseph G., Kupferschmid,Michael 
260 |a New York :  |b John Wiley & Sons,  |c 1988 
300 |a 509 s :  |b Index 
700 1 |a Kupferschmid, Michael  |4 aut 
996 |b C84183  |c C*84183  |l CCVIIIB  |s P  |a 0  |w stu14756_0001